LIBRARY & INFORMATION CENTRE, KCAET, TAVANUR

ONLINE PUBLIC ACCESS CATALOGUE (OPAC)

Food quality management (Record no. 13726)

MARC details
000 -LEADER
fixed length control field 00289nam a22001217a 4500
020 ## - INTERNATIONAL STANDARD BOOK NUMBER
ISBN 9788183211628
082 ## - DEWEY DECIMAL CLASSIFICATION NUMBER
Classification number 664.07
Item number KAL/FO
100 ## - MAIN ENTRY--AUTHOR NAME
Personal name Kalia, Manoranjan
245 ## - TITLE STATEMENT
Title Food quality management
260 ## - PUBLICATION, DISTRIBUTION, ETC. (IMPRINT)
Place of publication Udaipur
Name of publisher Agrotech Publishing Academy
Year of publication 2010
300 ## - PHYSICAL DESCRIPTION
Number of Pages 400p
942 ## - ADDED ENTRY ELEMENTS (KOHA)
Koha item type Books
Holdings
Withdrawn status Lost status Damaged status Collection code Home library Current library Shelving location Date acquired Source of acquisition Cost, normal purchase price Full call number Accession Number Koha item type
      Non-fiction KAUAET KAUAET General Stacks 31/03/2012 International Books and periodical supply service, New Delhi 1300.00 664.07 KAL/FO 23537 Books
      Non-fiction KAUAET KAUAET General Stacks 31/03/2012 Penta Book Distributors, Calicut 1300.00 664.07 KAL/FO 22642 Books
free website counter